000 00906cam a22001935a 4500
001 L157286
008 121009s1869 xxk f 000 0 eng d
035 _a(Sirsi) u157286
041 0 _aeng
100 1 _aLaxton, W.
245 0 0 _aLaxton's builder's price book for 1869
_bcontaining above 70,000 prices, carefully corrected and revised according to the present prices of materials and labour, together with many new, useful, and important memoranda; and prices and descriptions of new materials and inventions suited to the builder, contractor and engineer, and all trades connected therewith
250 _a51st ed.
260 _aLondon
_bMorgan & Chase
_aSimpkin, Marshall and Co.
_c[1869]
300 _a28, xxxv, 245, 52, 113 p.
_bill.
_c17 cm.
583 0 _aCondition reviewed
_c20120620
_lcondition level 3
651 4 _aGreat Britain
_y1707-
690 _aConstruction management
_96230
942 _n0
999 _c114700
_d114700